| 000 | 00619nam a2200181 a 4500 | ||
|---|---|---|---|
| 001 | 000027453 | ||
| 005 | 20200930030838.0 | ||
| 008 | 110331s2003 dr 000 0 spa d | ||
| 040 |
_aDO-SdBNP _bspa _cBNPHU |
||
| 082 |
_axxxx _bH557e |
||
| 100 | 1 |
_aHenández, Ana Jesús _954520 |
|
| 245 | 1 | 0 |
_aEco-Auditorías escolares en un barrio periférico de Santo Domingo. / _cAna Jesús Henández, Noris Garabito, Josefina Espaillat. |
| 260 |
_aSanto Domingo : _bCentro Cultural Poveda, _c2003. |
||
| 300 |
_a68 p. : _bil ; _c28 cm. |
||
| 700 | 1 |
_aGarabito,Noris _934587 |
|
| 700 | 1 |
_aEspaillat, Josefina _954521 |
|
| 049 | _aBNPD | ||
| 999 |
_c26945 _d26945 |
||